Countries by Partial Flag Images #4 - Statistics

General Stats
  • This quiz has been taken 81,414 times
    79,393 since last reset
  • The average score is 12 of 16
Answer Stats
Picture Answer % Correct
Argentina
99%
Cyprus
95%
Iceland
92%
Lebanon
91%
New Zealand
90%
Morocco
88%
Tunisia
86%
Barbados
82%
Slovenia
82%
Montenegro
70%
Andorra
67%
Taiwan
66%
Kiribati
64%
Dominican Republic
62%
Malawi
59%
Bolivia
40%
No matching quizzes found
Score Distribution
Percent of People with Each Score
Percentile by Number Answered
Your Score History
You have not taken this quiz since the last reset